000 00635nam a2200217 u 4500
005 20240419063754.0
008 150506s2006 ag r 000 0 spa d
020 _a9789501113631
035 _aUPN01000203244
049 _aI
050 4 _aPZ74
_bR5.6
100 1 _aRivera, Natalia
_936547
245 1 0 _aPeter Pan /
_cadap. Natalia Rivero ; il. Van Gool.
260 _aBuenos Aires :
_bSigmar,
_cc2006.
300 _a23 p.
_bprincipalmente il. col.
440 0 _aColorín colorado
650 0 _aCuentos de hadas
_xAdaptaciones
_919910
650 4 _aLibros y lectura para niños
_92290
905 _aInfantil
999 _c175345
_d175345